|
|
|
|
| LEADER |
00000nam a22000007a 4500 |
| 008 |
201217b ||||| |||| 00| 0 eng d |
| 020 |
|
|
|a 978-1-4522-9156-7
|
| 100 |
|
|
|a BEAL, Brent D.
|
| 245 |
|
|
|a Corporate social responsibility
|b definition, core issues, and recent developments
|c Brent D. Beal
|g xiii: 95p.
|
| 260 |
|
|
|b SAGE
|c 2014
|h Los Angeles
|i 693423
|l 693424
|m Social responsibility of business
|
| 500 |
|
|
|a “It includes references”.
|
| 942 |
|
|
|a lcc
|c BK
|e O.A.JOHNSON
|f 17/12/20
|
| 952 |
|
|
|0 0
|1 0
|2 lcc
|4 0
|6 HD0060 B36
|7 0
|9 672
|a HOL
|b MPL
|c GJ
|d 2020-12-17
|l 0
|o HD60 .B36
|p 2020-22989
|r 2020-12-17 00:00:00
|w 2020-12-17
|y BK
|
| 952 |
|
|
|0 0
|1 0
|2 lcc
|4 0
|6 HD0060 B36
|7 0
|9 673
|a HOL
|b MPL
|c GJ
|d 2020-12-17
|l 0
|o HD60 .B36
|p 2020-22990
|r 2020-12-17 00:00:00
|w 2020-12-17
|y BK
|
| 999 |
|
|
|c 373
|d 373
|